000
00269nam a2200109Ia 4500
008
201217s9999 xx 000 0 und d
100
_a
Hayes, John P.
245
0
_a
Computer Architecture and Organization
260
_a
Auckland
_b
McGraw-Hill
300
_a
498
942
_c
BK
999
_c
7703
_d
7703